Contemporary English Grammar (Record no. 6700)

MARC details
000 -LEADER
fixed length control field 00695nam a2200205 4500
020 ## - INTERNATIONAL STANDARD BOOK NUMBER
ISBN 9788171870028
022 ## - INTERNATIONAL STANDARD SERIAL NUMBER
ISSN 8171870023
050 ## - CALL NUMBER
Classification number PE1408
Item number .M96
100 ## - AUTHOR
Personal name Murthy Jayanthi Dakshina
245 ## - TITLE
Title Contemporary English Grammar
Statement of responsibility, etc J.D. Murthy ;
260 ## - PUBLICATION INFORMATION
Place of publication New Delhi
Name of publisher Book Palace
Year of publication 1998
300 ## - DESCRIPTION
Number of Pages 556 pages :
Other physical details illustrations :
Dimensions 25 cm
440 ## - SERIES
SERIES Reference and Practice Through Real English
500 ## - NOTES
General note Reference and Practice Through Real English ... cover page.
505 ## - FORMATTED CONTENTS NOTE
Table of Content Section I<br/>Section II<br/>Section III<br/>Section IV
650 ## - SUBJECTS
Topical Term English language -- Composition and exercises
650 ## - SUBJECTS
Topical Term English language -- Rhetoric
650 ## - SUBJECTS
Topical Term English Grammar
942 ## - ADDED ENTRY ELEMENTS (KOHA)
Koha item type Books
Holdings
Withdrawn status Lost status Collection code Home library Current library Shelving location Date acquired Full call number Accession Number Koha item type
    Reference Methodist University Library Main Methodist University Library Main General Stacks 11/05/2007 PE1408 .M96 28785 Books
Copyright © 2026  MUG Library